000 00831nam a2200253Ia 4500
003 OSt
005 20220923211549.0
006 a|||||r|||| 00| 0
007 ta
008 Pun
020 _a9789384187934 (hbk)
_c300
024 _a290,307
037 _b966, 16/12/2015, H.K. Prakashan
_cTextual
040 _aARTS
_cARTS
_bPun
041 _2Pun
_aPun
082 _aO153,1NRA:g, [Q5]
100 _aਸਿੰਘ, ਅਨੂਪ, ਥਦ.
245 0 _aਡਾ ਰਵਿੰਦਰ
_b ਕਾਵਿ ਚਿੰਤਨ
260 _aਲੁਧਿਆਣਾ
_b ਚੇਤਨਾ ਪ੍ਰਕਾFਨ
_c2015
300 _a238ਪੰ
_ccm.
650 _aਪੰਜਾਬੀ ਸਾਹਿਤ
942 _hO153,1NRA:g, [Q5]
_cTEXL
_2CC
999 _c300807
_d300807